| 000 -LEADER |
| fixed length control field |
01724cam a2200361 a 4500 |
| 001 - CONTROL NUMBER |
| control field |
14046646 |
| 003 - CONTROL NUMBER IDENTIFIER |
| control field |
NUST |
| 005 - DATE AND TIME OF LATEST TRANSACTION |
| control field |
20220509134746.0 |
| 008 - FIXED-LENGTH DATA ELEMENTS--GENERAL INFORMATION |
| fixed length control field |
050721s2006 cau 001 0 eng d |
| 010 ## - LIBRARY OF CONGRESS CONTROL NUMBER |
| LC control number |
2005931094 |
| 020 ## - INTERNATIONAL STANDARD BOOK NUMBER |
| International Standard Book Number |
0977064107 |
| 035 ## - SYSTEM CONTROL NUMBER |
| System control number |
(OCoLC)ocm63921879 |
| 038 ## - RECORD CONTENT LICENSOR |
| Staff Name |
waseem |
| 040 ## - CATALOGING SOURCE |
| Original cataloging agency |
LPU |
| Transcribing agency |
LPU |
| Modifying agency |
VHC |
| -- |
BAKER |
| -- |
DLC |
| 042 ## - AUTHENTICATION CODE |
| Authentication code |
lccopycat |
| 050 00 - LIBRARY OF CONGRESS CALL NUMBER |
| Classification number |
PN1992.8.C66 |
| Item number |
S43 2006 |
| 082 00 - DEWEY DECIMAL CLASSIFICATION NUMBER |
| Classification number |
808.2523 |
| Author Mark |
SED |
| 100 1# - MAIN ENTRY--PERSONAL NAME |
| Personal name |
Sedita, Scott. |
| 9 (RLIN) |
91390 |
| 245 14 - TITLE STATEMENT |
| Title |
The eight characters of comedy : |
| Remainder of title |
a guide to sitcom acting and writing / |
| Statement of responsibility, etc. |
by Scott Sedita. |
| 246 3# - VARYING FORM OF TITLE |
| Title proper/short title |
8 characters of comedy |
| 260 ## - PUBLICATION, DISTRIBUTION, ETC. |
| Place of publication, distribution, etc. |
Los Angeles, Calif. : |
| Name of publisher, distributor, etc. |
Atides Pub., |
| Date of publication, distribution, etc. |
c2006. |
| 300 ## - PHYSICAL DESCRIPTION |
| Extent |
243 p. ; |
| Dimensions |
22 cm. |
| 500 ## - GENERAL NOTE |
| General note |
Includes index. |
| 505 0# - FORMATTED CONTENTS NOTE |
| Formatted contents note |
Who's funny? -- Sitcom history -- Half hour technique: rhythm, words, punctuation, timing and pace, the turnaround, triplets -- Acting technique -- The four C's of comedy -- The characters: the logical smart one, the lovable loser, the neurotic, the dumb one, the bitch/bastard, the womanizer/manizer, the materialistic one, in their own universe -- Finding your comedic note -- Appendix 1: Ten rules of comedy -- Appendix 2: Who said that? -- Appendix 3: Glossary (finding the funny). |
| 563 ## - BINDING INFORMATION |
| Binding note |
PBK. |
| 650 #0 - SUBJECT ADDED ENTRY--TOPICAL TERM |
| Topical term or geographic name entry element |
Situation comedies (Television programs) |
| 9 (RLIN) |
91391 |
| 650 #0 - SUBJECT ADDED ENTRY--TOPICAL TERM |
| Topical term or geographic name entry element |
Situation comedies (Television programs) |
| General subdivision |
Authorship. |
| 9 (RLIN) |
91392 |
| 650 #0 - SUBJECT ADDED ENTRY--TOPICAL TERM |
| Topical term or geographic name entry element |
Characters and characteristics in literature. |
| 9 (RLIN) |
91393 |
| 650 #0 - SUBJECT ADDED ENTRY--TOPICAL TERM |
| Topical term or geographic name entry element |
Television acting. |
| 9 (RLIN) |
91394 |
| 906 ## - LOCAL DATA ELEMENT F, LDF (RLIN) |
| a |
7 |
| b |
cbc |
| c |
copycat |
| d |
2 |
| e |
epcn |
| f |
20 |
| g |
y-gencatlg |
| 942 ## - ADDED ENTRY ELEMENTS (KOHA) |
| Source of classification or shelving scheme |
|
| Koha item type |
Book |